LEADER 00695nam a2200205 i 4500 001 000000142218 003 CaOOAMICUS 005 20050831000000.0 008 050831s1928 it u000 u ita u 013 $a117479 040 $aSeMil$bita 100 1 $aMioni, Ugo <1870-1935>.$0(OLS)http://semarc/name/6651 245 10$aVolume 1. 250 $a3. ed. riveduta e corretta. 300 $a313 p. 773 0 $aMioni, Ugo <1870-1935>$tManuale di liturgia.$dTorino ; Roma : Marietti, 1928-1931.$gVolume1$w()14080 850 $aSeMil 852 $aSeMil$W1$xVenegono$y1$m3K I 87$j95393$B95393$CSeMilBibl$Z2$F102471 $81 961 $aOmaggio: Altro 996 $6245$aVolume 1$9(OLS)http://semarc/title/46244 LEADER 00601nab a2200145 i 4500 001 000000309803 003 CaOOAMICUS 005 20180831173001.0 008 180831n xx uu u0 0und r 013 $a18898 040 $aSeMil$bita 100 1 $aX,.$0(OLS)http://semarc/name/88184 245 10$aS. Ignazio e Rosmini sulle regole per sentire davvero con la Chiesa esulla Meditazione Principio e Fondamento. 773 0 $t[Luglio-Dicembre].$g233-246$w()273970 996 $6245$aS. Ignazio e Rosmini sulle regole per sentire davvero con la Chiesa esulla Meditazione Principio e Fondamento$9(OLS)http://semarc/title/384788